000 00877cam a2200253 a 4500
001 14132770
005 20180315081723.0
008 051005s2006 njua 001 0 eng
010 _a 2005044769
020 _a9780131830417
020 _a0131830414
035 _a(OCoLC)ocm62085507
035 _a(OCoLC)62085507
_z(OCoLC)79457343
040 _aDLC
_cDLC
_dYDX
_dBAKER
_dBTCTA
_dYDXCP
_dLVB
_dDLC
041 _aeng
080 _a808.042 GAE
082 0 0 _a808.042 GAE
_222
100 1 _a25
101 _aEDU
245 1 4 _aThe writer's world :
_cLynne Gaetz, Suneeti Phadke.
906 _a7
_bcbc
_corignew
_d1
_eocip
_f20
_gy-gencatlg
942 _2ddc
_cBK
999 _c45141
_d45141